• 首页
  • 本馆介绍
  • 公告通知
  • 最新文献
  • 馆藏检索
  • 电子资源
  • 读者荐购
  • 参考咨询
  • CALIS
  • 我的图书馆
  • 登录
  • 详细信息显示
  • 放入我的书架
  • 预约/预借图书
  • 作者相关作品
  • 分类相关作品
  • 丛书相关作品
  • 出版社相关作品

书目信息

  • 表格格式
  • 工作单格式
  • 卡片格式
题名:
土木工程地质
    
 
作者: 刘红军 , 赵兰霞 主编
分册:  
出版信息: 北京   中国水利水电出版社  2009.02
页数: 244页
开本: 26cm
丛书名:
单 册:
中图分类: P642
科图分类:
主题词: 工程地质学--gong cheng di zhi xue--高等学校--教材
电子资源:
ISBN: 978-7-5084-6184-7
 
 
 
 
 
000 00906nam0 2200265 450
001 012009912331
005 20091016140923.71
010    @a978-7-5084-6184-7@dCNY29.00
100    @a20091016d2009 em y0chiy0120 ea
101 0  @achi
102    @aCN@b110000
105    @aa a 000yy
106    @ar
200 1  @a土木工程地质@Atu mu gong cheng di zhi@f刘红军, 赵兰霞主编@Fliu hong jun,zhao lan xia zhu bian
210    @a北京@c中国水利水电出版社@d2009.02
215    @a244页@c图@d26cm
300    @a高等学校“十一五”精品规划教材
320    @a有书目 (第243-244页)
330    @a本书介绍了工程地质学的基本知识、土木工程建筑中的工程地质问题及工程地质勘察三方面的内容。
606 0  @a工程地质学@Agong cheng di zhi xue@x高等学校@j教材
690    @aP642@v4
701  0 @a刘红军@Aliu hong jun@4主编
701  0 @a赵兰霞@Azhao lan xia@4主编
801  0 @aCN@bQSSK@c20091016
905    @b764016-20@dP642@eL622@f5
    
    土木工程地质/刘红军, 赵兰霞主编.-北京:中国水利水电出版社,2009.02
    244页:图;26cm
    高等学校“十一五”精品规划教材
    
    ISBN 978-7-5084-6184-7:CNY29.00
    本书介绍了工程地质学的基本知识、土木工程建筑中的工程地质问题及工程地质勘察三方面的内容。
●
相关链接 在E读中查询图书 在当当中查询图书 在豆瓣中查询图书


正题名:土木工程地质     索取号:P642/L622         预约/预借

序号 登录号 条形码 馆藏地/架位号 状态 备注
1 764016   207640169   社科二线400B/401自科库 129排1列1层/ [索取号:P642/L622] 在馆    
2 764017   207640178   自科库401/401自科库 133排1列5层/ [索取号:P642/L622] 在馆    
3 764018   207640187   期刊室512/401自科库 128排2列3层/ [索取号:P642/L622] 在馆    
4 764019   207640196   期刊室512/401自科库 128排2列3层/ [索取号:P642/L622] 在馆    
5 764020   207640203   社科二线400B/400B社科库 8排4列6层/ [索取号:P642/L622] 在馆    
河南城建学院图书馆 欢迎您!
大连网信软件有限公司© 版权所有